[Event "CRO-chT2 Ost"]
[Site "Croatia"]
[Date "2015.10.18"]
[Round "9.62"]
[White "Goric, Esad"]
[Black "Skelac, Darko"]
[Result "1/2-1/2"]
[WhiteElo "2297"]
[BlackElo "2138"]
[PlyCount "95"]
[EventDate "2015.04.25"]
[EventType "team-tourn"]
[EventRounds "11"]
[EventCountry "CRO"]
[SourceTitle "EXT 2016"]
[Source "ChessBase"]
[SourceDate "2015.10.08"]
[SourceVersion "1"]
[SourceVersionDate "2015.10.08"]
[SourceQuality "1"]

1. c4 Nf6 2. Nc3 e6 3. Nf3 Be7 4. d4 d5 5. g3 b6 6. Bg2 Ba6 7. cxd5 exd5 8. 0-0 0-0 9. Ne5 c6 10. Qa4 Bb7 11. Rd1 Re8 12. Bf4 Nh5 13. Be3 Bd6 14. Nd3 Nf6 15. Rac1 Qe7 16. Bd2 Nbd7 17. Bf4 a5 18. Bxd6 Qxd6 19. Qb3 Rab8 20. a3 h6 21. e3 Ba6 22. Qc2 Bb7 23. Nf4 Qe7 24. Re1 Ne4 25. f3 Nxc3 26. Qxc3 Nf8 27. e4 Qg5 28. exd5 cxd5 29. Kf2 Rxe1 30. Qxe1 Qf6 31. Qd2 Qd6 32. h4 Ng6 33. Nxg6 Qxg6 34. f4 Qf6 35. Kg1 Re8 36. Kh2 Ba6 37. Rc2 Re2 38. Qc3 Rxc2 39. Qxc2 Qxd4 40. Qc6 Bc4 41. Qe8+ Kh7 42. Qxf7 Qxb2 43. Qf5+ Kg8 44. Qe6+ Kf8 45. Qd6+ Kf7 46. Qd7+ Kf8 47. Qd8+ Kf7 48. Qd7+ 1/2-1/2

[Event "CRO-chT2 Ost"]
[Site "Croatia"]
[Date "2015.10.17"]
[Round "7.63"]
[White "Sargac, Rajna"]
[Black "Skelac, Darko"]
[Result "1-0"]
[WhiteElo "2161"]
[BlackElo "2138"]
[PlyCount "63"]
[EventDate "2015.04.25"]
[EventType "team-tourn"]
[EventRounds "11"]
[EventCountry "CRO"]
[SourceTitle "EXT 2016"]
[Source "ChessBase"]
[SourceDate "2015.10.08"]
[SourceVersion "1"]
[SourceVersionDate "2015.10.08"]
[SourceQuality "1"]

1. e4 c5 2. Nf3 d6 3. b3 Nf6 4. Bb5+ Bd7 5. Bxd7+ Qxd7 6. Qe2 Nc6 7. 0-0 e6 8. Bb2 Be7 9. d3 0-0 10. Nbd2 Rac8 11. Rfe1 a6 12. Nf1 Qc7 13. Ng3 b5 14. Ng5 Nd4 15. Qd1 h6 16. Nh3 Rfe8 17. f4 Nd7 18. c3 Nc6 19. f5 Nf6 20. Nf4 d5 21. Nfh5 Rcd8 22. Nxf6+ Bxf6 23. Nh5 Be5 24. Qg4 Qe7 25. d4 cxd4 26. cxd4 Qa7 27. Kh1 Nxd4 28. Nxg7 exf5 29. Nxf5+ Kh7 30. Qh5 Re6 31. Bxd4 Bxd4 32. Nxd4 1-0

[Event "CRO-chT2 Ost"]
[Site "Croatia"]
[Date "2015.04.25"]
[Round "1.33"]
[White "Tomicic, Zvonimir"]
[Black "Skelac, Darko"]
[Result "1/2-1/2"]
[WhiteElo "2215"]
[BlackElo "2133"]
[PlyCount "61"]
[EventDate "2015.04.25"]
[EventType "team-tourn"]
[EventRounds "11"]
[EventCountry "CRO"]
[SourceTitle "EXT 2016"]
[Source "ChessBase"]
[SourceDate "2015.10.08"]
[SourceVersion "1"]
[SourceVersionDate "2015.10.08"]
[SourceQuality "1"]

1. d4 Nf6 2. c4 e6 3. g3 d5 4. Bg2 b6 5. Nf3 Ba6 6. Ne5 c6 7. Qa4 Bb7 8. Nc3 Nfd7 9. Nd3 Bd6 10. 0-0 0-0 11. Rd1 Qe7 12. Bf4 Bxf4 13. Nxf4 Nf6 14. Rac1 Nbd7 15. e4 dxc4 16. Qxc4 e5 17. Nfe2 Rfc8 18. Qa4 exd4 19. Nxd4 g6 20. f4 Ng4 21. Re1 Nc5 22. Qd1 Qd7 23. Rc2 Nf6 24. Rd2 Rd8 25. b4 Ne6 26. Nb3 Qe7 27. a3 Rxd2 28. Qxd2 Rd8 29. Qb2 Ne8 30. e5 c5 31. Ne4 1/2-1/2

[Event "CRO-chT2 East"]
[Site "Croatia"]
[Date "2014.04.27"]
[Round "3.22"]
[White "Goric, Esad"]
[Black "Skelac, Darko"]
[Result "1/2-1/2"]
[WhiteElo "2311"]
[BlackElo "2127"]
[PlyCount "96"]
[EventDate "2014.04.26"]
[EventType "team-tourn"]
[EventRounds "11"]
[EventCountry "CRO"]
[SourceTitle "EXT 2019"]
[Source "ChessBase"]
[SourceDate "2018.10.10"]
[SourceVersion "1"]
[SourceVersionDate "2018.10.10"]
[SourceQuality "1"]

1. c4 Nf6 2. g3 e6 3. Bg2 d5 4. Qc2 c5 5. Nf3 Nc6 6. 0-0 Be7 7. d3 0-0 8. Nc3 Nd4 9. Qd1 Nxf3+ 10. Bxf3 d4 11. Ne4 Nxe4 12. Bxe4 Rb8 13. a3 Bd6 14. b4 b6 15. Bd2 f5 16. Bf3 f4 17. Rb1 Bd7 18. Qc2 Qc7 19. Kg2 Bc6 20. bxc5 bxc5 21. Rxb8 Rxb8 22. Rb1 Rf8 23. g4 h5 24. h3 Rf6 25. g5 Rf8 26. h4 e5 27. Bxc6 Qxc6+ 28. f3 Bc7 29. Rb3 Rb8 30. Rxb8+ Bxb8 31. Ba5 Bd6 32. Qb3 Kf7 33. a4 a6 34. Kf2 g6 35. Qd1 Qd7 36. Kg2 Ke7 37. Kh2 Qc6 38. Kg2 Qd7 39. Bb6 Qc6 40. a5 Qd7 41. Qb3 Qc6 42. Qa3 Kd7 43. Kf2 Kc8 44. Kg2 Kd7 45. Qb3 Kc8 46. Qb1 Kd7 47. Qh1 Ke7 48. Kf2 Qd7 1/2-1/2

[Event "Pula op 27th"]
[Site "Pula"]
[Date "2013.06.09"]
[Round "2"]
[White "Lizak, Peter"]
[Black "Skelac, Darko"]
[Result "1-0"]
[WhiteElo "2420"]
[BlackElo "2128"]
[PlyCount "73"]
[EventDate "2013.06.08"]
[EventType "swiss"]
[EventRounds "9"]
[EventCountry "CRO"]
[SourceTitle "CBM 154 Extra"]
[Source "ChessBase"]
[SourceDate "2013.06.25"]
[SourceVersion "2"]
[SourceVersionDate "2013.06.25"]
[SourceQuality "1"]

1. c4 Nf6 2. g3 e5 3. Bg2 c6 4. d4 Bb4+ 5. Bd2 Bxd2+ 6. Qxd2 exd4 7. Qxd4 Qe7 8. Nf3 d6 9. 0-0 0-0 10. Nc3 Rd8 11. e4 Na6 12. h3 h6 13. Rad1 Be6 14. b3 Ne8 15. Rd2 Rd7 16. Rfd1 Qd8 17. Qe3 Qa5 18. Nd4 Re7 19. Nce2 Qc5 20. Nf4 Bd7 21. Nc2 Qa5 22. a3 Bf5 23. b4 Qc7 24. Qd3 Bh7 25. Ne3 Rc8 26. Nf5 Re5 27. Nxd6 Nxd6 28. Qxd6 Qxd6 29. Rxd6 Bxe4 30. Rd8+ Rxd8 31. Rxd8+ Kh7 32. Rd7 g5 33. Bxe4+ Rxe4 34. Nd3 b5 35. cxb5 cxb5 36. Rxf7+ Kg8 37. Rxa7 1-0

[Event "CRO-chT2 East"]
[Site "Osijek"]
[Date "2013.05.11"]
[Round "4.44"]
[White "Skelac, Darko"]
[Black "Aleksic, Robert"]
[Result "1/2-1/2"]
[WhiteElo "2136"]
[BlackElo "2216"]
[PlyCount "30"]
[EventDate "2013.04.20"]
[EventType "team-tourn"]
[EventRounds "11"]
[EventCountry "CRO"]
[SourceTitle "EXT 2023"]
[Source "ChessBase"]
[SourceDate "2022.10.05"]
[SourceVersion "1"]
[SourceVersionDate "2022.10.05"]
[SourceQuality "1"]

1. Nf3 Nf6 2. g3 d6 3. Bg2 e5 4. d3 Be7 5. e4 0-0 6. 0-0 c6 7. Nbd2 Nbd7 8. Re1 Re8 9. Nf1 a5 10. Ne3 g6 11. c3 Qc7 12. Qc2 Bf8 13. d4 Bg7 14. dxe5 dxe5 15. b3 Nc5 1/2-1/2

[Event "CRO-chT2 East"]
[Site "Osijek"]
[Date "2010.10.31"]
[Round "10.43"]
[White "Skelac, Darko"]
[Black "Pandurevic, Miro"]
[Result "0-1"]
[WhiteElo "2149"]
[BlackElo "2294"]
[PlyCount "50"]
[EventDate "2010.04.17"]
[EventType "team-tourn"]
[EventRounds "11"]
[EventCountry "CRO"]
[SourceTitle "EXT 2012"]
[Source "ChessBase"]
[SourceDate "2011.11.24"]
[SourceVersion "1"]
[SourceVersionDate "2011.11.24"]
[SourceQuality "1"]

1. d4 Nf6 2. Nf3 d6 3. Bg5 Nbd7 4. Nbd2 h6 5. Bh4 g5 6. Bg3 Bg7 7. e3 Nh5 8. Bd3 e5 9. Nxe5 Nxg3 10. Nxf7 Kxf7 11. fxg3 Nf6 12. 0-0 g4 13. e4 Re8 14. c3 Kg8 15. Qc2 c5 16. dxc5 dxc5 17. Rae1 Be6 18. Nc4 b5 19. Ne3 c4 20. Be2 Qb6 21. Bd1 Nd7 22. Kh1 Ne5 23. Nd5 Bxd5 24. exd5 Nd3 25. Re2 Rf8 0-1

[Event "CRO-chT2 East"]
[Site "Osijek"]
[Date "2010.10.16"]
[Round "7.23"]
[White "Matanovic, Zlatko"]
[Black "Skelac, Darko"]
[Result "1-0"]
[WhiteElo "2023"]
[BlackElo "2149"]
[PlyCount "65"]
[EventDate "2010.04.17"]
[EventType "team-tourn"]
[EventRounds "11"]
[EventCountry "CRO"]
[SourceTitle "EXT 2012"]
[Source "ChessBase"]
[SourceDate "2011.11.24"]
[SourceVersion "1"]
[SourceVersionDate "2011.11.24"]
[SourceQuality "1"]

1. d4 Nf6 2. c4 d6 3. Nc3 Nbd7 4. Nf3 b6 5. Bg5 Bb7 6. e3 e6 7. Be2 Be7 8. 0-0 0-0 9. Rc1 a5 10. h3 Rc8 11. a3 d5 12. cxd5 Nxd5 13. Bxe7 Qxe7 14. Qb3 Rfd8 15. Nd2 N7f6 16. Bf3 Nxc3 17. Rxc3 Bxf3 18. Nxf3 Rd6 19. Rfc1 Ne4 20. R3c2 c5 21. Qd3 Qb7 22. Qb5 Qe7 23. b4 axb4 24. axb4 f6 25. bxc5 bxc5 26. dxc5 Rdc6 27. Nd4 Rxc5 28. Rxc5 Rxc5 29. Qb8+ Kf7 30. Rxc5 Nxc5 31. Nc6 Qd7 32. Qb6 Nb7 33. Qxb7 1-0

[Event "CRO-chT2 East"]
[Site "Osijek"]
[Date "2010.10.16"]
[Round "8.53"]
[White "Skelac, Darko"]
[Black "Miletic, Josip"]
[Result "0-1"]
[WhiteElo "2149"]
[BlackElo "2294"]
[PlyCount "108"]
[EventDate "2010.04.17"]
[EventType "team-tourn"]
[EventRounds "11"]
[EventCountry "CRO"]
[SourceTitle "EXT 2012"]
[Source "ChessBase"]
[SourceDate "2011.11.24"]
[SourceVersion "1"]
[SourceVersionDate "2011.11.24"]
[SourceQuality "1"]

1. d4 Nf6 2. Nf3 d5 3. Bg5 Nbd7 4. e3 h6 5. Bh4 g6 6. Bd3 Bg7 7. c3 0-0 8. 0-0 Ne4 9. Nfd2 f5 10. f3 Nd6 11. Qb3 Nb6 12. Bg3 e6 13. c4 Nf7 14. Nc3 c6 15. f4 Qe7 16. Bf2 Bd7 17. c5 Nc4 18. Bxc4 dxc4 19. Nxc4 Rfb8 20. Qc2 b6 21. b4 Bc8 22. Rfb1 Ba6 23. Nd2 g5 24. g3 Rd8 25. a4 gxf4 26. gxf4 Bb7 27. h3 Kh8 28. Kh2 Rg8 29. Rg1 a5 30. cxb6 axb4 31. Ne2 c5 32. Rac1 cxd4 33. Qc7 Rge8 34. Qxe7 Rxe7 35. Nxd4 Rxa4 36. Ra1 Rxa1 37. Rxa1 Nd6 38. Ra7 Bxd4 39. exd4 Rg7 40. Bg3 h5 41. h4 Ne4 42. Nxe4 Bxe4 43. Ra4 b3 44. Rb4 Bd5 45. Rb5 Kg8 46. Be1 Kf8 47. Ba5 Ke8 48. Kh3 Rb7 49. Kg3 Kd7 50. Kf2 Kc8 51. Ke3 Rg7 52. Kd2 Kb7 53. Kc3 Ka6 54. Kb4 Rg1 0-1

[Event "CRO-Cup 19th"]
[Site "Sibenik"]
[Date "2010.05.23"]
[Round "6"]
[White "Gorupec, Mladen"]
[Black "Skelac, Darko"]
[Result "1/2-1/2"]
[WhiteElo "2018"]
[BlackElo "2149"]
[PlyCount "88"]
[EventDate "2010.05.19"]
[EventType "team-tourn"]
[EventRounds "6"]
[EventCountry "CRO"]
[SourceTitle "CBM 136 Extra"]
[Source "ChessBase"]
[SourceDate "2010.07.02"]
[SourceVersion "2"]
[SourceVersionDate "2010.07.15"]
[SourceQuality "1"]

1. e4 c5 2. Nf3 d6 3. d4 cxd4 4. Nxd4 Nf6 5. Nc3 a6 6. Be2 e5 7. Nb3 Be7 8. Bg5 Nbd7 9. 0-0 0-0 10. f4 Qc7 11. Kh1 b5 12. Qe1 Bb7 13. Bd3 h6 14. Bxf6 Nxf6 15. Nd2 Nh5 16. fxe5 dxe5 17. Nd5 Bxd5 18. exd5 Nf4 19. Be4 Bd6 20. g3 f5 21. gxf4 fxe4 22. Qxe4 exf4 23. Rae1 Rae8 24. Qd3 Bc5 25. Nf3 Be3 26. a4 Qb7 27. axb5 axb5 28. c3 Rd8 29. Rd1 Rd6 30. b3 Rc8 31. c4 bxc4 32. bxc4 Qc7 33. Ne5 Qe7 34. Qf5 Re8 35. Ng4 Rf8 36. Qd3 Bc5 37. Rde1 Qg5 38. Qf3 Qf5 39. Ne5 g5 40. Nc6 Rd7 41. Re5 Qc2 42. Re2 Qf5 43. Re5 Qc2 44. Re2 Qf5 1/2-1/2

[Event "CRO-Cup 19th"]
[Site "Sibenik"]
[Date "2010.05.21"]
[Round "4"]
[White "Grgic, Miroslav"]
[Black "Skelac, Darko"]
[Result "1/2-1/2"]
[WhiteElo "1963"]
[BlackElo "2149"]
[PlyCount "70"]
[EventDate "2010.05.19"]
[EventType "team-tourn"]
[EventRounds "6"]
[EventCountry "CRO"]
[SourceTitle "CBM 136 Extra"]
[Source "ChessBase"]
[SourceDate "2010.07.02"]
[SourceVersion "2"]
[SourceVersionDate "2010.07.15"]
[SourceQuality "1"]

1. e4 c5 2. Nf3 d6 3. d4 cxd4 4. Nxd4 Nf6 5. Nc3 a6 6. Be2 e5 7. Nb3 b5 8. Bg5 Be6 9. Nd5 Nbd7 10. c4 Bxd5 11. cxd5 Be7 12. f3 0-0 13. Be3 Rc8 14. Qd2 Re8 15. Na5 Qc7 16. Rc1 Qxc1+ 17. Qxc1 Rxc1+ 18. Bxc1 Bd8 19. Nc6 Bb6 20. Bg5 Kf8 21. Kd2 Rc8 22. Rc1 h6 23. Be3 Nc5 24. b4 Na4 25. Bxb6 Nxb6 26. Rc2 Ke8 27. Na7 Rxc2+ 28. Kxc2 Kd7 29. a4 Nxa4 30. Nxb5 Ne8 31. Na3 Nc7 32. Kb3 Nb6 33. Nc4 Nxc4 34. Bxc4 Kc8 35. Ka4 Kb7 1/2-1/2

[Event "CRO-Cup 19th"]
[Site "Sibenik"]
[Date "2010.05.19"]
[Round "1"]
[White "Skelac, Darko"]
[Black "Tomasic, Roland"]
[Result "0-1"]
[WhiteElo "2149"]
[BlackElo "2098"]
[PlyCount "86"]
[EventDate "2010.05.19"]
[EventType "team-tourn"]
[EventRounds "6"]
[EventCountry "CRO"]
[SourceTitle "CBM 136 Extra"]
[Source "ChessBase"]
[SourceDate "2010.07.02"]
[SourceVersion "2"]
[SourceVersionDate "2010.07.15"]
[SourceQuality "1"]

1. e4 c5 2. Nf3 d6 3. d4 cxd4 4. Nxd4 Nf6 5. Nc3 e6 6. Bc4 Nc6 7. Be3 Be7 8. Bb3 0-0 9. f3 a6 10. Qd2 Bd7 11. 0-0-0 Qc7 12. g4 b5 13. h4 Ne5 14. Bg5 Nc4 15. Qd3 Rfc8 16. Rhg1 b4 17. Nce2 Ne5 18. Qd2 a5 19. Bxf6 Bxf6 20. g5 Be7 21. f4 Nc4 22. Bxc4 Qxc4 23. Kb1 a4 24. Qd3 Qc5 25. Rc1 Bf8 26. Qf3 g6 27. Rgf1 Ra5 28. h5 Bg7 29. e5 dxe5 30. fxe5 Rf8 31. hxg6 hxg6 32. Qh3 Qxe5 33. Rh1 Rd8 34. Qh7+ Kf8 35. Rcf1 Ke7 36. Qh3 Be8 37. Rf4 Rad5 38. Rd1 Qxg5 39. Qf3 f5 40. Rd3 Qf6 41. Qh1 Bb5 42. c4 bxc3 43. Rxc3 Bxe2 0-1

[Event "CRO-chT2 East"]
[Site "Osijek"]
[Date "2010.04.24"]
[Round "5.14"]
[White "Jovanovic, Milenko"]
[Black "Skelac, Darko"]
[Result "1/2-1/2"]
[WhiteElo "2221"]
[BlackElo "2149"]
[PlyCount "22"]
[EventDate "2010.04.17"]
[EventType "team-tourn"]
[EventRounds "11"]
[EventCountry "CRO"]
[SourceTitle "EXT 2012"]
[Source "ChessBase"]
[SourceDate "2011.11.24"]
[SourceVersion "1"]
[SourceVersionDate "2011.11.24"]
[SourceQuality "1"]

1. d4 Nf6 2. Nf3 e6 3. c4 b6 4. a3 Bb7 5. Nc3 d5 6. cxd5 exd5 7. Bg5 Be7 8. e3 Nbd7 9. Bd3 h6 10. Bh4 0-0 11. 0-0 Ne4 1/2-1/2

[Event "CRO-chT2c"]
[Site "Croatia"]
[Date "2009.10.17"]
[Round "8"]
[White "Lalic, Kristijan"]
[Black "Skelac, Darko"]
[Result "1-0"]
[WhiteElo "2266"]
[BlackElo "2158"]
[PlyCount "55"]
[EventDate "2009.04.04"]
[EventType "team-tourn"]
[EventRounds "11"]
[EventCountry "CRO"]
[SourceTitle "EXT 2011"]
[Source "ChessBase"]
[SourceDate "2010.11.26"]
[SourceVersion "1"]
[SourceVersionDate "2010.11.26"]
[SourceQuality "1"]

1. e4 c5 2. Nf3 d6 3. d4 cxd4 4. Nxd4 Nf6 5. Nc3 a6 6. Be3 e5 7. Nf5 d5 8. Bg5 d4 9. Nd5 Bxf5 10. Bxf6 gxf6 11. Qf3 Be6 12. Nxf6+ Ke7 13. Bd3 Qa5+ 14. c3 dxc3 15. 0-0 Nd7 16. Nxd7 Bxd7 17. Bc4 Be6 18. Bxe6 Kxe6 19. Rad1 Qc7 20. Rd5 Bd6 21. Rfd1 Rhd8 22. bxc3 Rac8 23. R1d3 Ke7 24. Qf5 h6 25. Qh5 Qb6 26. Qxh6 Bc7 27. Qg5+ Qf6 28. Rd7+ 1-0